00421nam a22001457a 4500003000500000005001700005008004100022020001800063038001000081082002100091100002000112245012100132260001400253300000800267NUST20220801175419.0220801b ||||| |||| 00| 0 eng d a9781300310624 aAzhar a620.0071173bMET aMettu, Ramgopal aUnderstanding admissions : getting into the top graduate schools in computer science and engineeringcRamgopal Mettu aUSAc2012 a82p